000 00697nam a22002297a 4500
005 20251108173051.0
008 250721s9999 xx 000 0 ara d
082 1 4 _aط/922.2/منص
100 1 _aهنداوي، خليل
245 1 0 _aالمنصور بن أبي عامر /
264 1 _aبيروت :
_bدار الشرق العربي،
300 _a118ص
490 0 _aأعلام خالدون
_v6
650 1 7 _aالتراجم
650 1 7 _aالقادة العسكريون
653 _aناشئون صغار (10-14 سنة )
700 1 _aالانطاكي، محمد
700 1 _aحاضري، بدر الدين
700 1 _aقجة، محمد
942 _2ddc
_cBK
999 _c95304
_d95304